000 00637cam a2200181 a 4500
001 000019061
005 20240705073646.0
008 830808s1964 pr r 000 0 spa
040 _aDO-SdBNP
_bspa
_cBNPHU
082 _aLA2355.H6
_bP371H
100 1 _aPedreira, Antonio Salvador,
_d1899-1939.
_913569
245 1 0 _aHostos :
_bciudadano de América /
_cAntonio Salvador Pedreira.
260 _aSan Juan, Puerto Rico :
_bInstituto de Cultura Puertorriqueña,
_c1964.
300 _a222 p. ;
_c19 cm.
504 _aBibliografía : p. 213-222.
600 1 0 _aHostos, Eugenio María de,
_d1839-1903
_91352
910 _aCatalogación derivada / LC
999 _c18579
_d18579